Constitution Jefferson's manual and rules of the house of representatives
Na minha lista:
| Autor principal: | |
|---|---|
| Formato: | Livro |
| Idioma: | Undetermined |
| Publicado em: |
Washington
Goverment Printing Office
1947
|
| Assuntos: | |
| Tags: |
Adicionar Tag
Sem tags, seja o primeiro a adicionar uma tag!
|
| Thư viện lưu trữ: | Trung tâm Học liệu Trường Đại học Cần Thơ |
|---|
| LEADER | 00631nam a2200205Ia 4500 | ||
|---|---|---|---|
| 001 | CTU_85137 | ||
| 008 | 210402s9999 xx 000 0 und d | ||
| 082 | |a 328.73 | ||
| 082 | |b D446 | ||
| 100 | |a Deschler, Lewis | ||
| 245 | 0 | |a Constitution Jefferson's manual and rules of the house of representatives | |
| 245 | 0 | |c Lewis Deschler | |
| 260 | |a Washington | ||
| 260 | |b Goverment Printing Office | ||
| 260 | |c 1947 | ||
| 650 | |a United states. congress. house,Parliamentary practice | ||
| 650 | |x Rules and practice | ||
| 650 | |z United states | ||
| 904 | |i Mai Loan | ||
| 980 | |a Trung tâm Học liệu Trường Đại học Cần Thơ | ||